Se cayó la fachada democrática /

Guardado en:
Bibliografiske detaljer
Hovedforfatter: Freedman, Elaine
Format: Texto
Tags: Tilføj Tag
Ingen Tags, Vær først til at tagge denne postø!

MARC

LEADER 00000 a a2200000 04500
001 45335
003
040
100 |a Freedman, Elaine  
245 |a Se cayó la fachada democrática /  |c Elaine Freedman  
773 |g volumen26, número306 ( , 2007), páginas 30-35  
999 |c 34248  |d 34248